LEADER 00999nam0 2200289 450 001 000025452 005 20090428160232.0 010 $a978-88-386-6326-0 010 $a88-386-6326-0 100 $a20090428d2007----km-y0itay50------ba 101 0 $aita 102 $aIT 200 1 $aReti di telecomunicazione$enetworking e internet$fAchille Pattavina 205 $a2. ed. 210 $aMilano$cMcGraw-Hill$d2007 215 $aXV, 640 p.$d25 cm. 225 2 $aCollana di istruzione scientifica.$iSerie di telecomunicazioni 410 0$12001$aCollana di istruzione scientifica.$iSerie di telecomunicazioni 451 0$1001000004989 610 1 $aRETI DI ELABORATORI$aArchitettura 676 $a621.3821$v21$9INGEGNERIA DELLE COMUNICAZIONI. RETI DI COMUNICAZIONI 700 1$aPattavina,$bAchille$067393 801 0$aIT$bUNIPARTHENOPE$c20090428$gRICA$2UNIMARC 912 $a000025452 951 $aP1 621-R/11$b41405$cPIST$d2009 996 $aReti di telecomunicazione$9231618 997 $aUNIPARTHENOPE LEADER 01311nam 2200361Ia 450 001 996393835303316 005 20221107143742.0 035 $a(CKB)3450000000100666 035 $a(EEBO)2248526900 035 $a(OCoLC)12832822 035 $a(EXLCZ)993450000000100666 100 $a19851122d1695 uy | 101 0 $aeng 135 $aurbn||||a|bb| 200 10$aSome cautions offered to the consideration of those who are to chuse members to serve in the ensuing Parliament$b[electronic resource] 210 $aLondon $c[s.n.]$d1695 215 $a32 p 300 $aWritten by George Savile, Marquis of Halifax. Cf. BM. 300 $aPublished also as: Cautions to those who are to chuse members to serve in Parliament. 300 $aFirst published in 1695. Cf. BM. 300 $aReproduction of original in Union Theological Seminary Library, New York. 330 $aeebo-0160 606 $aElections$zGreat Britain 615 0$aElections 700 $aHalifax$b George Savile$cMarquis of,$f1633-1695.$0249499 801 0$bEAA 801 1$bEAA 801 2$bm/c 801 2$bWaOLN 906 $aBOOK 912 $a996393835303316 996 $aSome cautions offered to the consideration of those who are to chuse members to serve in the ensuing Parliament$92331047 997 $aUNISA